000 00766nas a2200241 4500
001 BR0405868
003 BR-BrBNA
005 20231205105031.0
007 ta
008 230509b bl.|||p| |||| 00| 00por d
040 _aBR-BrBNA
_bpor
_cBiblioteca Nacional de Agricultura
041 _a(Pt)
072 _aE16; E71
100 1 _aJank, M.S.
245 1 _aEm defesa das commodities; cinco dos dez maiores exportadores agrícolas mundiais são países desenvolvidos
650 _aEXPORTAÇÃO
650 _aESTATÍSTICA DE PRODUÇÃO
650 _aAGRONEGÓCIO
650 _aBALANÇA COMERCIAL
773 0 _tAgroanalysis (Brazil)
_xISSN 0100-4298
_g(Aug 2004), v. 24(8) p. 13-14
_wBR0405868
909 _a202311
_bLúcia
_c55
_dLúcia Elande
942 _2AGRIS
_n0
_cANA
999 _c180884
_d180884